Sample Surveys. (Record no. 2971)

MARC details
000 -LEADER
fixed length control field 00499nam a22001817a 4500
003 - CONTROL NUMBER IDENTIFIER
control field OSt
005 - DATE AND TIME OF LATEST TRANSACTION
control field 20160205130159.0
008 - FIXED-LENGTH DATA ELEMENTS--GENERAL INFORMATION
fixed length control field 160205b xxu||||| |||| 00| 0 eng d
040 ## - CATALOGING SOURCE
Transcribing agency DDC
082 ## - DEWEY DECIMAL CLASSIFICATION NUMBER
Classification number 310KIR 1999;
100 ## - MAIN ENTRY--PERSONAL NAME
Personal name Prof.Kiregyeya Ben;.
9 (RLIN) 6711
245 ## - TITLE STATEMENT
Title Sample Surveys.
Remainder of title With special reference to Africa.
260 ## - PUBLICATION, DISTRIBUTION, ETC. (IMPRINT)
Place of publication, distribution, etc. Uganda,
Name of publisher, distributor, etc. Hoonkab Printers Ltd.
Date of publication, distribution, etc. 1999.
300 ## - PHYSICAL DESCRIPTION
Extent xi,273p;
Other physical details ill;
Dimensions 30cm
504 ## - BIBLIOGRAPHY, ETC. NOTE
Bibliography, etc includes appendices.
650 ## - SUBJECT ADDED ENTRY--TOPICAL TERM
Topical term or geographic name as entry element Research.
9 (RLIN) 3727
942 ## - ADDED ENTRY ELEMENTS (KOHA)
Source of classification or shelving scheme Dewey Decimal Classification
Koha item type Short Loan
Holdings
Withdrawn status Lost status Source of classification or shelving scheme Damaged status Not for loan Home library Current library Date acquired Source of acquisition Inventory number Total Checkouts Full call number Barcode Date last seen Price effective from Koha item type
    Dewey Decimal Classification     MUST Main Library MUST Main Library 05/02/2016   2001/15364   310KIR 1999; 2016-0092 05/02/2016 05/02/2016 Short Loan